Rekordní globální účet pojišťoven za katastrofy roku 2017

Charakteristika katastrofickej udalosti podľa klasifikácie Sigma. Rekordná úroveň poistených škôd v roku 2017. Počet obetí katastrof. Celkové ekonomické škody vo výške 337 mld. USD. Vlaňajšia hurikánová sezóna bude patriť medzi najnákladnejšie v histórii.

Guardado en:
Detalles Bibliográficos
Autor principal: Mesršmíd, Jaroslav
Formato: Capítulo de libro
Lenguaje:checo
Materias:
Etiquetas: Agregar Etiqueta
Sin Etiquetas, Sea el primero en etiquetar este registro!

MARC

LEADER 00000nla a2200000 4500
001 0247479
005 20240417075145.0
041 0 |a cze 
044 |a CZ 
245 1 0 |a Rekordní globální účet pojišťoven za katastrofy roku 2017  |c Jaroslav Mesršmíd 
520 |a Charakteristika katastrofickej udalosti podľa klasifikácie Sigma. Rekordná úroveň poistených škôd v roku 2017. Počet obetí katastrof. Celkové ekonomické škody vo výške 337 mld. USD. Vlaňajšia hurikánová sezóna bude patriť medzi najnákladnejšie v histórii. 
610 2 0 |a poistenie neživotné 
610 2 0 |a pohromy živelné 
610 2 0 |a škody 
610 2 0 |a svet 
100 1 |a Mesršmíd, Jaroslav